000
00345nam a22001337a 4500
003
SGT
020
_a
9789351864868
082
_a
891.4309
_b
S16S
100
_a
समीर, संत
245
_a
स्वदेशी चिकित्सा
260
_b
प्रभात प्रकाशन
_c
2016
300
_a
208
942
_2
ddc
_c
BK
999
_c
31109
_d
31109